نا ٹ آ ؤ ٹ (Record no. 172421)

MARC details
000 -LEADER
fixed length control field 00619nam a22001937a 4500
005 - DATE AND TIME OF LATEST TRANSACTION
control field 20200205114507.0
010 ## - LCCN (DPL NO)
LC control number A-519533
020 ## - INTERNATIONAL STANDARD BOOK NUMBER
Terms of availability 20.00
International Standard Book Number -
035 ## - SYSTEM CONTROL NUMBER
System control number A-519533
037 ## - SOURCE OF ACQUISITION
Source of stock number/acquisition DBAD/PUB
Stock number -
082 ## - DEWEY DECIMAL CLASSIFICATION NUMBER
Classification number 847
100 ## - MAIN ENTRY--PERSONAL NAME
Personal name شيخ رحما ن ا کو لو ی
245 ## - TITLE STATEMENT
Title نا ٹ آ ؤ ٹ
Statement of responsibility, etc شيخ رحما ن ا کو لو ی
246 ## - VARYING FORM OF TITLE
Remainder of title Note Out (Urdu)
Title proper/short title by Sheikh Rehman Akolvi
260 ## - PUBLICATION, DISTRIBUTION, ETC. (IMPRINT)
Place of publication, distribution, etc N.Delhi
Name of publisher, distributor, etc Sheikh Rehman Akolvi
Date of publication, distribution, etc 1989 ء
270 ## - ADDRESS
Address Maktaba Jamia Ltd.Jamia Nagar Okhla,
City Delhi
Postal code 110025
Telephone number -
Fax number -
300 ## - PHYSICAL DESCRIPTION
Extent 100 ص
Dimensions 22 Cm(Hb)
942 ## - ADDED ENTRY ELEMENTS (KOHA)
Source of classification or shelving scheme Dewey Decimal Classification
Item type Urdu Bks
Classification part 847
Call number suffix ر ح م
Holdings
Withdrawn status Lost status Not for loan Collection code Home library Current library Date acquired Source of acquisition Cost, normal purchase price Full call number Barcode Copy number Cost, replacement price Koha item type
      Non-fiction Central Library Central Library 05/02/2020 BPPD/Ven. 20.00 847 ر ح م A-519533. 1 20.00 Urdu Bks

© Delhi Public Library
Hit Counter
free hit counter